Письма В.А. Жуковского к императору Николаю I и к императрице Александре Феодоровне 1821-1852 гг. | Письма-дневники В.А. Жуковского 1814 и 1815 годов (Запись № 5859057)

Подробности
000 -МАРКЕР
контрольное поле 02947nam2a22004091 4500
001 - ИДЕНТИФИКАТОР ЗАПИСИ
контрольное поле v19\rc\1820500
005 - ИДЕНТИФИКАТОР ВЕРСИИ
контрольное поле 20080324153739.3
035 ## - ДРУГИЕ СИСТЕМНЫЕ НОМЕРА
Идентификатор записи (NLR Aleph) 005256668
100 ## - ДАННЫЕ ОБЩЕЙ ОБРАБОТКИ
Данные общей обработки 20071224d1907 |||y0rusy50 ca
101 0# - ЯЗЫК РЕСУРСА
Язык текста, звукозаписи и т.д. русский
102 ## - СТРАНА ПУБЛИКАЦИИ ИЛИ ПРОИЗВОДСТВА
Страна публикации Российская Федерация
105 ## - ПОЛЕ КОДИРОВАННЫХ ДАННЫХ: ТЕКСТОВЫЕ МАТЕРИАЛЫ, МОНОГРАФИЧЕСКИЕ
Кодированные данные о монографическом текстовом документе ah z |||e|
200 1# - ЗАГЛАВИЕ И СВЕДЕНИЯ ОБ ОТВЕТСТВЕННОСТИ
Основное заглавие Письма В.А. Жуковского к императору Николаю I и к императрице Александре Феодоровне 1821-1852 гг.
-- Письма-дневники В.А. Жуковского 1814 и 1815 годов
210 ## - ПУБЛИКАЦИЯ, РАСПРОСТРАНЕНИЕ И ДР.
Дата издания, распространения и т.д. 1907
215 ## - ФИЗИЧЕСКАЯ ХАРАКТЕРИСТИКА
Специфическое обозначение материала и объем [5], VI, 213, 88 с., 6 л. ил., факс.
300 ## - ОБЩИЕ ПРИМЕЧАНИЯ
Текст примечания Часть текста на фр. и чеш. яз.
423 #0 - ИЗДАЕТСЯ В ОДНОЙ ОБЛОЖКЕ ВМЕСТЕ С ...
Встроенное поле 1010#$arus
-- 2001#$aОтд. 2. В.А. Жуковский в Москве в 1837 году$fК.Я. Грот
423 #0 - ИЗДАЕТСЯ В ОДНОЙ ОБЛОЖКЕ ВМЕСТЕ С ...
Встроенное поле 1010#$arus$afre$acze
-- 2001#$aЧешские переводы произведений В.А. Жуковского и статьи о его жизни и литературной деятельности$aН.В. Гоголь в чешской литературе]$fВ.А. Францев
-- 53210$aЧешские переводы произведений Василия Андреевича Жуковского и статьи о его жизни и литературной деятельности
-- 53210$aНиколай Васильевич Гоголь в чешской литературе
-- 700#1$aФранцев$bВ.А.
461 #0 - УРОВЕНЬ НАБОРА
Встроенное поле 001v19\rc\1820499
-- 2001#$aПамяти В.А. Жуковского и Н.В. Гоголя$eВып. 1$vВып. 1. [Отд. 1
517 0# - ДРУГИЕ ВАРИАНТЫ ЗАГЛАВИЯ
Вариант заглавия В.А. Жуковский в Москве в 1837 году
532 10 - РАСШИРЕННОЕ ЗАГЛАВИЕ
Заглавие Письма Василия Андреевича Жуковского к императору Николаю I и к императрице Александре Феодоровне 1821-1852 гг.
532 10 - РАСШИРЕННОЕ ЗАГЛАВИЕ
Заглавие Письма-дневники Василия Андреевича Жуковского 1814 и 1815 годов
700 #1 - ИМЯ ЛИЦА - ПЕРВИЧНАЯ ОТВЕТСТВЕННОСТЬ
Начальный элемент ввода Жуковский
Часть имени, кроме начального элемента ввода В. А.
Дополнения к именам, кроме дат поэт
Даты 1783-1852
Расширение инициалов личного имени Василий Андреевич
Идентификатор авторитетной/нормативной записи RU\NLR\AUTH\775529
Графика поля Кириллица
702 #0 - ИМЯ ЛИЦА - ВТОРИЧНАЯ ОТВЕТСТВЕННОСТЬ
Начальный элемент ввода Александра Федоровна
Дополнения к именам, кроме дат императрица российская
Даты 1798-1860
Идентификатор авторитетной/нормативной записи RU\NLR\AUTH\7735340
Код отношения Прочие
Графика поля Кириллица
702 #0 - ИМЯ ЛИЦА - ВТОРИЧНАЯ ОТВЕТСТВЕННОСТЬ
Начальный элемент ввода Николай
Дополнения к именам, кроме дат император российский
Римские цифры I
Даты 1796-1855
Идентификатор авторитетной/нормативной записи RU\NLR\AUTH\779185
Код отношения Прочие
Графика поля Кириллица
702 #1 - ИМЯ ЛИЦА - ВТОРИЧНАЯ ОТВЕТСТВЕННОСТЬ
Начальный элемент ввода Гоголь
Часть имени, кроме начального элемента ввода Н. В.
Даты 1809-1852
Расширение инициалов личного имени Николай Васильевич
Идентификатор авторитетной/нормативной записи RU\NLR\AUTH\773480
Код отношения Прочие
Графика поля Кириллица
702 #1 - ИМЯ ЛИЦА - ВТОРИЧНАЯ ОТВЕТСТВЕННОСТЬ
Начальный элемент ввода Жуковский
Часть имени, кроме начального элемента ввода В. А.
Дополнения к именам, кроме дат поэт
Даты 1783-1852
Расширение инициалов личного имени Василий Андреевич
Идентификатор авторитетной/нормативной записи RU\NLR\AUTH\775529
Код отношения Прочие
Графика поля Кириллица
801 #0 - ИСТОЧНИК ЗАПИСИ
Страна Российская Федерация
Организация NLR
Дата составления 20071224
Правила каталогизации psbo
801 #0 - ИСТОЧНИК ЗАПИСИ
Страна Российская Федерация
Организация RuMoRGB
Дата составления 20071224
Источник данных psbo
801 #1 - ИСТОЧНИК ЗАПИСИ
Страна Российская Федерация
Организация ProSoft-M
Дата составления 20071224
Источник данных rusmarc
801 #2 - ИСТОЧНИК ЗАПИСИ
Страна Российская Федерация
Организация NLR
Дата составления 20080321
Источник данных rusmarc
852 ## - МЕСТОНАХОЖДЕНИЕ И ШИФР ХРАНЕНИЯ
Идентификатор организации NLR
Шифр хранения (Call Number) 132/64
852 ## - МЕСТОНАХОЖДЕНИЕ И ШИФР ХРАНЕНИЯ
Идентификатор организации NLR
Шифр хранения (Call Number) 38.48.3.29
852 ## - МЕСТОНАХОЖДЕНИЕ И ШИФР ХРАНЕНИЯ
Идентификатор организации NLR
Шифр хранения (Call Number) 103/260
942 ## - ДОПОЛНИТЕЛЬНЫЕ ЭЛЕМЕНТЫ ЗАПИСИ (АБИС)
Тип экземпляра АБИС Книга
980 ## - КОЛЛЕКЦИЯ
Название коллекции Национальная библиография
Экземпляры
Тип экземпляра Дата поступления Библиотека постоянного хранения Библиотека текущего хранения Место хранения Шифр хранения Штрих-код Статус экземпляра
Книга 26.10.2013 РНБ (Садовая) РНБ (Садовая) Русский книжный фонд -Главное здание, Ленинский читальный зал 132/64 5256668-10  
Книга 26.10.2013 РНБ (Садовая) РНБ (Садовая) Русский книжный фонд -Главное здание, Ленинский читальный зал 38.48.3.29 5256668-20  
Книга 26.10.2013 РНБ (Садовая) РНБ (Садовая) Русский книжный фонд -Главное здание, Ленинский читальный зал 103/260(1) 1-3988405